Language of love : (Record no. 129927)

MARC details
000 -LEADER
fixed length control field 00659nam a22002297a 4500
005 - DATE AND TIME OF LATEST TRANSACTION
control field 20170124110104.0
010 ## - LIBRARY OF CONGRESS CONTROL NUMBER
LC control number A-761457
020 ## - INTERNATIONAL STANDARD BOOK NUMBER
Terms of availability 00.00
035 ## - SYSTEM CONTROL NUMBER
System control number A-761457
037 ## - SOURCE OF ACQUISITION
Source of stock number/acquisition Cen Lib/Ret
040 ## - CATALOGING SOURCE
Original cataloging agency DPL
Language of cataloging EN
082 ## - DEWEY DECIMAL CLASSIFICATION NUMBER
Classification number S
Item number LAN
245 ## - TITLE STATEMENT
Title Language of love :
Statement of responsibility, etc edited by Aruna Jethwani
Remainder of title an anthology of short stories /
260 ## - PUBLICATION, DISTRIBUTION, ETC. (IMPRINT)
Place of publication, distribution, etc New Delhi
Name of publisher, distributor, etc Sterling publishers
Date of publication, distribution, etc 1995
270 ## - ADDRESS
City New Delhi
Address L-10, Green park extention
Postal code 110016
300 ## - PHYSICAL DESCRIPTION
Extent ix,89p.
Dimensions 18cm(Hb)
500 ## - GENERAL NOTE
General note Includes glossary
650 ## - SUBJECT ADDED ENTRY--TOPICAL TERM
Topical term or geographic name as entry element Literature
9 (RLIN) 6262
650 ## - SUBJECT ADDED ENTRY--TOPICAL TERM
Topical term or geographic name as entry element Short stories
9 (RLIN) 44
700 ## - ADDED ENTRY--PERSONAL NAME
9 (RLIN) 27481
Personal name Jethwani, Aruna
942 ## - ADDED ENTRY ELEMENTS (KOHA)
Source of classification or shelving scheme Dewey Decimal Classification
Koha item type English Books
Classification part S
Call number suffix LAN
Holdings
Withdrawn status Lost status Damaged status Not for loan Home library Current library Date acquired Source of acquisition Cost, normal purchase price Total Checkouts Full call number Barcode Date last seen Copy number Cost, replacement price Price effective from Koha item type Public note
Written off       Central Library Central Library 08/07/2015 Cen Lib/Ret 0.00   S LAN A-761457 08/07/2015 1 0.00 08/07/2015 English Books W/d List No. 6847/24 : dtd 9/7/20

© Delhi Public Library
Hit Counter
free hit counter